000 00576nam a2200229Ia 4500
003 OSt
005 20220924132412.0
006 a|||||r|||| 00| 0
007 ta
008 220923b |||||||| |||| 00| 0 hin d
024 _a52452
037 _cTextual
040 _aARTS
_cARTS
_bhin
041 _2hin
_ahin
082 _aP15:Cx1:1:6, 152J0.2
100 _aBhimsen V
_9204235
245 0 _aLaghu siddhanta kaumudi
260 _c1950
650 _aLINGUISTICS
942 _hP15:Cx1:1:6, 152J0.2
_cTEXL
_2CC
999 _c430173
_d430173